000 00337nam a2200145Ia 4500
100 _aTraister/ Robert/ J.
942 _cBK
654 _adiodes
245 _aExperimenter''''s guide to solid state diodes
260 _bprentice hall
_aNew Jersey
_c1984
082 _a621.3815
_bTra
300 _a176
546 _aENGLISH
999 _c29708
_d29708